| 000 | 00572nam a22002057a 4500 | ||
|---|---|---|---|
| 001 | 60558 | ||
| 003 | BD-RjUL | ||
| 005 | 20211209080846.0 | ||
| 008 | 010117r19961959ii ||||| |||| 00| 0 eng d | ||
| 035 | _a(BD-RjUL)60682 | ||
| 040 |
_aBD-RjUL _beng _cBD-RjUL |
||
| 041 | _aeng | ||
| 082 |
_223 _a370.15 _bEDU 1996 |
||
| 245 | 1 |
_aEducational psychology / _cCharles E. Skinner |
|
| 250 | _a4th ed. | ||
| 260 |
_aNew Delhi : _bPrentice-Hall of india _c1959 [Printing 1996] |
||
| 300 |
_a755 p. : _bill ; _c22 cm. |
||
| 650 |
_aEducational psychology _9178267 |
||
| 942 |
_2ddc _cBK |
||
| 999 |
_c60558 _d60558 |
||